Loading...

Bombaykku pathavathumill /

Bibliographic Details
Main Author: Rajesh Kumar, Pseud
Language:Undetermined
Published: Madras : Bharathi pathippakam , 1982.
LEADER 00446nam a2200133Ia 4500
001 56394
008 170722s9999 xx 000 0 und d
100 |a Rajesh Kumar, Pseud 
245 |a Bombaykku pathavathumill / 
260 |a Madras :  |b Bharathi pathippakam ,  |c 1982. 
300 |a 164 p.  |c 18cms 
942 |c GEN 
999 |c 103986  |d 103986 
952 |0 1  |1 0  |4 0  |6 O_313NRA26B_M2  |7 0  |9 146471  |a LIB  |b LIB  |d 2017-08-12  |o O31,3NRA26,B M2  |p 197574  |r 2017-08-12  |v 8.50  |w 2017-08-12  |y GEN